Statistics for Countries Not Invaded By Britain

Click here to take the quiz!

General Stats

  • This quiz has been taken 1,966 times
  • The average score is 6 of 22

Answer Stats

Country% Correct
Mongolia
56%
Sweden
46%
Congo, Republic Of
40%
Bolivia
39%
Vatican City
38%
Paraguay
35%
Andorra
35%
Chad
34%
Uzbekistan
33%
Tajikistan
31%
Mali
29%
Monaco
29%
Luxembourg
24%
Kyrgyzstan
23%
Belarus
18%
Central African Republic
18%
Guatemala
17%
Sao Tome and Principe
16%
Burundi
14%
Ivory Coast
12%
Marshall Islands
9%
Leichtenstein
2%

Score Distribution

Percentile by Number Answered

Percent of People with Each Score

Your Score History

You have not taken this quiz